000 00287nam a2200121Ia 4500
008 190802s9999 xx 000 0 und d
020 _a978-81-317-0244-4
100 _aSara Bease
245 0 _aComputer Algorithms
260 _aNew York
_bPearson
_c2006
300 _a688:p
942 _cBK
999 _c2581
_d2581